[Event "4NCL/Div4/CHED vs. ATH1"]
[Site "West Bromwich ENG"]
[Date "2006.03.19"]
[Round "8.5"]
[White "Buxton, David E"]
[Black "Stevenson, James A B"]
[Result "1/2-1/2"]
[WhiteElo "2110"]
[BlackElo "2175"]
[PlyCount "33"]
[EventDate "2006.03.19"]
[EventType "team"]
[EventRounds "11"]
[EventCountry "ENG"]
[SourceDate "2005.10.25"]

1. d4 d5 2. c4 c6 3. Nc3 e6 4. e3 Nf6 5. Bd3 Nbd7 6. Nf3 dxc4 7. Bxc4 b5 8. Bd3
a6 9. O-O c5 10. e4 cxd4 11. Nxd4 Bb7 12. Re1 Ne5 13. Bc2 Bc5 14. Be3 Qe7 15.
Nb3 Bxe3 16. Rxe3 Nc4 17. Rg3 1/2-1/2

[Event "4NCL/Div4/CHED vs. ATH1"]
[Site "West Bromwich ENG"]
[Date "2006.03.19"]
[Round "8.6"]
[White "McKeown, Paul"]
[Black "Bennett, Patrick"]
[Result "1/2-1/2"]
[WhiteElo "2060"]
[BlackElo "2080"]
[PlyCount "61"]
[EventDate "2006.03.19"]
[EventType "team"]
[EventRounds "11"]
[EventCountry "ENG"]
[SourceDate "2005.10.25"]

1. Nf3 Nf6 2. d4 g6 3. c4 Bg7 4. Nc3 d6 5. e4 O-O 6. Be2 e5 7. O-O Nc6 8. d5
Ne7 9. b4 a5 10. Ba3 axb4 11. Bxb4 b6 12. a4 Ne8 13. Nb5 f5 14. Nd2 fxe4 15.
Nxe4 Rf4 16. f3 Rf8 17. Bd2 Nf5 18. Qb3 Bh6 19. Bxh6 Nxh6 20. a5 bxa5 21. Qc3
Bd7 22. c5 Bxb5 23. Bxb5 Nf5 24. Bxe8 Qxe8 25. Rfb1 Qf7 26. Qd3 Nd4 27. Qc4
dxc5 28. Qxc5 Rfb8 29. Rxb8+ Rxb8 30. Ng5 Qd7 31. Ne4 1/2-1/2

[Event "4NCL/Div4/GREN vs. BRJ"]
[Site "West Bromwich ENG"]
[Date "2006.03.19"]
[Round "8.1"]
[White "Pugh, Derek C"]
[Black "Richmond, Peter A"]
[Result "0-1"]
[WhiteElo "2185"]
[BlackElo "2240"]
[PlyCount "52"]
[EventDate "2006.03.19"]
[EventType "team"]
[EventRounds "11"]
[EventCountry "ENG"]
[SourceDate "2005.10.25"]

1. Nc3 d5 2. e4 e6 3. d4 Bb4 4. Bd3 dxe4 5. Bxe4 Nf6 6. Bf3 O-O 7. Nge2 Nbd7 8.
a3 Be7 9. Bf4 c6 10. O-O Nd5 11. Nxd5 exd5 12. Bd2 Qb6 13. b3 Bf6 14. Be3 Qa6
15. Nf4 g6 16. Re1 Bg7 17. Nd3 Re8 18. Bf4 Rxe1+ 19. Qxe1 Nf8 20. Qe8 Qb6 21.
Re1 Qxd4 22. g3 Bg4 23. Qxa8 Bxf3 24. Ne5 Be4 25. Qe8 Qc3 26. Rf1 Bxe5 0-1

[Event "4NCL/Div4/GREN vs. BRJ"]
[Site "West Bromwich ENG"]
[Date "2006.03.19"]
[Round "8.2"]
[White "Haydon, Richard"]
[Black "Bass, John W"]
[Result "1/2-1/2"]
[WhiteElo "2185"]
[BlackElo "2050"]
[PlyCount "61"]
[EventDate "2006.03.19"]
[EventType "team"]
[EventRounds "11"]
[EventCountry "ENG"]
[SourceDate "2005.10.25"]

1. Nf3 c5 2. g3 Nc6 3. Bg2 g6 4. O-O Bg7 5. d3 d6 6. e4 e5 7. Nc3 Nge7 8. Nd2
O-O 9. Nc4 Nd4 10. a4 Be6 11. Nd5 Qd7 12. c3 Ndc6 13. a5 Rab8 14. Be3 f5 15. f4
exf4 16. gxf4 Bf7 17. Qa4 Rfd8 18. Rfe1 Nxd5 19. exd5 Ne7 20. Qxd7 Rxd7 21.
Nxd6 Bxd5 22. Bxc5 Bxg2 23. Kxg2 b6 24. axb6 axb6 25. Ba3 Nd5 26. Kf3 Bh6 27.
Re8+ Rxe8 28. Nxe8 Kf7 29. Nd6+ Kf6 30. Ne8+ Kf7 31. Nd6+ 1/2-1/2

[Event "4NCL/Div4/GREN vs. BRJ"]
[Site "West Bromwich ENG"]
[Date "2006.03.19"]
[Round "8.3"]
[White "Hardy, Roger"]
[Black "Hall, Daniel J"]
[Result "0-1"]
[WhiteElo "2020"]
[BlackElo "2080"]
[PlyCount "48"]
[EventDate "2006.03.19"]
[EventType "team"]
[EventRounds "11"]
[EventCountry "ENG"]
[SourceDate "2005.10.25"]

1. e4 c5 2. Nf3 e6 3. d4 cxd4 4. Nxd4 Nf6 5. Nc3 d6 6. g4 h6 7. Be3 a6 8. h3 b5
9. a3 Bb7 10. Bg2 Qc7 11. f4 e5 12. Nde2 Nbd7 13. f5 Nb6 14. Bxb6 Qxb6 15. Nd5
Nxd5 16. exd5 Be7 17. Qd3 Bh4+ 18. Kd1 Rc8 19. Kc1 a5 20. Nc3 Ba6 21. Bf1 O-O
22. Ne4 b4 23. Qxa6 Qe3+ 24. Nd2 Qe1# 0-1

[Event "4NCL/Div4/GREN vs. BRJ"]
[Site "West Bromwich ENG"]
[Date "2006.03.19"]
[Round "8.4"]
[White "Cabero, Pablo Padilla"]
[Black "Greely, Simon"]
[Result "1-0"]
[WhiteElo "1955"]
[BlackElo "2010"]
[PlyCount "63"]
[EventDate "2006.03.19"]
[EventType "team"]
[EventRounds "11"]
[EventCountry "ENG"]
[SourceDate "2005.10.25"]

1. e4 c5 2. Nc3 Nc6 3. g3 g6 4. Bg2 Bg7 5. d3 e6 6. Be3 d6 7. Qd2 Qa5 8. Nf3
Nd4 9. O-O Ne7 10. Ne1 Nec6 11. Bf4 Qd8 12. Bh6 O-O 13. Bxg7 Kxg7 14. Nd1 e5
15. Ne3 Be6 16. c3 Nb5 17. f4 f5 18. Nf3 exf4 19. gxf4 h6 20. exf5 gxf5 21. Kh1
Kh7 22. a4 Nc7 23. d4 Nd5 24. Rae1 Nxe3 25. Rxe3 Bf7 26. dxc5 dxc5 27. Rd3 Qa5
28. Rd7 Rad8 29. Ne5 Nxe5 30. fxe5 Rxd7 31. Qxd7 Qd8 32. Qxf5+ 1-0

[Event "4NCL/Div4/GREN vs. BRJ"]
[Site "West Bromwich ENG"]
[Date "2006.03.19"]
[Round "8.5"]
[White "Hibbitt, Arthur M"]
[Black "Tomboline, David"]
[Result "1/2-1/2"]
[WhiteElo "1950"]
[BlackElo "1985"]
[PlyCount "74"]
[EventDate "2006.03.19"]
[EventType "team"]
[EventRounds "11"]
[EventCountry "ENG"]
[SourceDate "2005.10.25"]

1. d4 e6 2. Nf3 Nf6 3. Bf4 Be7 4. e3 Nh5 5. Bg3 Nxg3 6. hxg3 d6 7. Bd3 h6 8.
Nbd2 c5 9. c3 a6 10. Qe2 Nd7 11. g4 b5 12. Ne4 c4 13. Bc2 Bb7 14. Ng3 Bxf3 15.
gxf3 d5 16. e4 Nb6 17. f4 Qc7 18. e5 O-O-O 19. f5 Kb7 20. Nh5 Bf8 21. Nf4 Qd7
22. fxe6 fxe6 23. Ng6 Rg8 24. f4 Be7 25. f5 Bg5 26. fxe6 Qxe6 27. Bf5 Qc6 28.
Kd1 Nc8 29. Kc2 Ne7 30. e6 Nxg6 31. Bxg6 Be7 32. Rhf1 Rgf8 33. Rxf8 Rxf8 34.
Bf7 Qd6 35. Rf1 a5 36. Rf5 Kc6 37. Bg6 Rxf5 1/2-1/2

[Event "4NCL/Div4/GREN vs. BRJ"]
[Site "West Bromwich ENG"]
[Date "2006.03.19"]
[Round "8.6"]
[White "Tanner, Gary"]
[Black "Butterworth, Paul"]
[Result "1/2-1/2"]
[WhiteElo "1885"]
[BlackElo "1890"]
[PlyCount "59"]
[EventDate "2006.03.19"]
[EventType "team"]
[EventRounds "11"]
[EventCountry "ENG"]
[SourceDate "2005.10.25"]

1. e4 c5 2. Nc3 Nc6 3. g3 g6 4. Bg2 Bg7 5. d3 d6 6. Be3 e5 7. Qd2 Rb8 8. Nge2
b5 9. Nd5 Be6 10. c3 Nf6 11. Nxf6+ Bxf6 12. O-O O-O 13. d4 cxd4 14. cxd4 Bc4
15. d5 Bxe2 16. Qxe2 Nd4 17. Qd2 Qd7 18. Rac1 Rfc8 19. Bxd4 Rxc1 20. Rxc1 exd4
21. b3 b4 22. Rc6 a5 23. Qd3 Rc8 24. Qa6 Rxc6 25. Qxc6 Qd8 26. Kf1 Qb8 27. Ke2
Kf8 28. f4 Bd8 29. Kd3 Qb6 30. Qxb6 1/2-1/2

[Event "4NCL/Div4/CONQ vs. GLOSG"]
[Site "West Bromwich ENG"]
[Date "2006.03.19"]
[Round "8.1"]
[White "Osborne, Marcus E"]
[Black "Hosken, Nigel"]
[Result "0-1"]
[WhiteElo "2230"]
[BlackElo "2105"]
[PlyCount "68"]
[EventDate "2006.03.19"]
[EventType "team"]
[EventRounds "11"]
[EventCountry "ENG"]
[SourceDate "2005.10.25"]

1. Nf3 Nf6 2. c4 c6 3. d4 d5 4. Nc3 dxc4 5. a4 Bf5 6. e3 e6 7. Bxc4 Bb4 8. O-O
Nbd7 9. Qb3 a5 10. Na2 Be7 11. Re1 Qb6 12. Qd1 O-O 13. Nh4 Bg4 14. f3 Bh5 15.
g4 Bg6 16. g5 Nd5 17. e4 Nb4 18. Nxg6 hxg6 19. f4 e5 20. f5 Qxd4+ 21. Qxd4 exd4
22. Nxb4 Bxb4 23. Bf4 gxf5 24. g6 Bxe1 25. Rxe1 Rae8 26. e5 Nc5 27. gxf7+ Rxf7
28. e6 Rfe7 29. Re5 Nxa4 30. Bg5 Nxb2 31. Ba2 b5 32. Bxe7 Rxe7 33. Rc5 d3 34.
Rxc6 d2 0-1

[Event "4NCL/Div4/CONQ vs. GLOSG"]
[Site "West Bromwich ENG"]
[Date "2006.03.19"]
[Round "8.2"]
[White "Buchanan, David"]
[Black "Prizant, Michael"]
[Result "1/2-1/2"]
[WhiteElo "2095"]
[BlackElo "2135"]
[PlyCount "47"]
[EventDate "2006.03.19"]
[EventType "team"]
[EventRounds "11"]
[EventCountry "ENG"]
[SourceDate "2005.10.25"]

1. e4 c5 2. c3 g6 3. d4 cxd4 4. cxd4 d5 5. exd5 Nf6 6. Nc3 Bg7 7. Bb5+ Nbd7 8.
d6 O-O 9. dxe7 Qxe7+ 10. Be2 Nb6 11. Nf3 Be6 12. O-O Rfd8 13. Bg5 h6 14. Be3
Ng4 15. Qc1 Rac8 16. h3 Nxe3 17. Qxe3 Qb4 18. Rab1 Bf5 19. a3 Qb3 20. Bd1 Qe6
21. Qxe6 Bxe6 22. Be2 Bxd4 23. Nxd4 Rxd4 24. Bf3 1/2-1/2

[Event "4NCL/Div4/CONQ vs. GLOSG"]
[Site "West Bromwich ENG"]
[Date "2006.03.19"]
[Round "8.3"]
[White "Foster, James C"]
[Black "Dodwell, Phil"]
[Result "1-0"]
[WhiteElo "1950"]
[BlackElo "2060"]
[PlyCount "75"]
[EventDate "2006.03.19"]
[EventType "team"]
[EventRounds "11"]
[EventCountry "ENG"]
[SourceDate "2005.10.25"]

1. e4 e5 2. Nf3 Nc6 3. Bb5 Nd4 4. Nxd4 exd4 5. d3 c6 6. Bc4 d5 7. Bb3 Bc5 8.
O-O Ne7 9. Bg5 f6 10. Bh4 Be6 11. f4 Qd7 12. f5 Bf7 13. Nd2 O-O-O 14. Kh1 h5
15. a4 Rh6 16. Ba2 Bd6 17. Rb1 Rg8 18. b4 g6 19. Bxf6 gxf5 20. e5 Rxf6 21. exf6
Ng6 22. Nf3 Nf4 23. Nxd4 h4 24. Rf2 Rg4 25. h3 Rg3 26. Qd2 Nxh3 27. gxh3 Rxh3+
28. Kg1 Rg3+ 29. Rg2 f4 30. Rf1 Qg4 31. Qe2 Qxe2 32. Nxe2 f3 33. Rxg3 fxe2 34.
Rg7 Bh2+ 35. Kf2 exf1=Q+ 36. Kxf1 Be6 37. f7 Bd6 38. Rg8+ 1-0

[Event "4NCL/Div4/CONQ vs. GLOSG"]
[Site "West Bromwich ENG"]
[Date "2006.03.19"]
[Round "8.4"]
[White "Taylor, Geoffrey P"]
[Black "Cork, David J"]
[Result "1-0"]
[WhiteElo "2050"]
[BlackElo "1955"]
[PlyCount "57"]
[EventDate "2006.03.19"]
[EventType "team"]
[EventRounds "11"]
[EventCountry "ENG"]
[SourceDate "2005.10.25"]

1. e4 c5 2. Nf3 d6 3. d4 cxd4 4. Nxd4 Nf6 5. Nc3 g6 6. Be2 Bg7 7. Be3 O-O 8.
O-O Nc6 9. Nb3 Bd7 10. f4 Qc8 11. Kh1 Bg4 12. Nd2 Bxe2 13. Qxe2 Qg4 14. Rf3 e5
15. Qf2 Qd7 16. h3 Nh5 17. f5 Nd4 18. Bxd4 exd4 19. Nd5 Be5 20. f6 Qb5 21. Nb3
Rae8 22. Re1 Qd7 23. g4 Bg3 24. Rxg3 Nxg3+ 25. Qxg3 Re5 26. Nxd4 Rfe8 27. Qf4
g5 28. Qd2 h5 29. Nf5 1-0

[Event "4NCL/Div4/CONQ vs. GLOSG"]
[Site "West Bromwich ENG"]
[Date "2006.03.19"]
[Round "8.5"]
[White "Sathirathu, Vijay"]
[Black "Martin, Peter"]
[Result "0-1"]
[WhiteElo "1604"]
[BlackElo "1995"]
[PlyCount "124"]
[EventDate "2006.03.19"]
[EventType "team"]
[EventRounds "11"]
[EventCountry "ENG"]
[SourceDate "2005.10.25"]

1. d4 Nf6 2. c4 c5 3. d5 b5 4. cxb5 a6 5. Nc3 axb5 6. Bd2 b4 7. Na4 Qa5 8. b3
Nxd5 9. e4 Nb6 10. Nb2 Ba6 11. Be2 Nc6 12. Nf3 Bxe2 13. Qxe2 Qa6 14. Nd3 e6 15.
O-O c4 16. bxc4 Nxc4 17. Bf4 Be7 18. Rfc1 Nd6 19. Qe3 Nb5 20. Nc5 Qa7 21. e5
Nc3 22. Nb3 Qxe3 23. Bxe3 Ne2+ 24. Kf1 Nxc1 25. Nxc1 f6 26. exf6 Bxf6 27. Rb1
Kf7 28. Bc5 Rhb8 29. Nd2 d5 30. Rb3 Bc3 31. Nf3 h6 32. Ne2 Bf6 33. Nc1 Be7 34.
Be3 Ra3 35. Ke2 Na5 36. Rb1 Nc4 37. Bf4 Rc8 38. Ne1 g5 39. Bg3 Nd6 40. f3 Nb5
41. Kd2 Nc3 42. Rb2 Rca8 43. Nc2 R3a4 44. Nd3 Rxa2 45. Ne5+ Ke8 46. Rb3 Nb5 47.
Kd3 Rxc2 48. Kxc2 Nd4+ 49. Kb2 Nxb3 50. Kxb3 Ra3+ 51. Kb2 Bf6 52. Kb1 Bxe5 53.
Bxe5 Re3 54. Bd6 Kd7 55. Bf8 h5 56. Bh6 Re1+ 57. Kb2 Re2+ 58. Kb3 Rxg2 59. Kxb4
Ke7 60. h3 Kf6 61. f4 g4 62. hxg4 Rxg4 0-1

[Event "4NCL/Div4/CONQ vs. GLOSG"]
[Site "West Bromwich ENG"]
[Date "2006.03.19"]
[Round "8.6"]
[White "Dixon, Richard J"]
[Black "Auckland, Elliot"]
[Result "1-0"]
[WhiteElo "2005"]
[BlackElo "1670"]
[PlyCount "119"]
[EventDate "2006.03.19"]
[EventType "team"]
[EventRounds "11"]
[EventCountry "ENG"]
[SourceDate "2005.10.25"]

1. e4 Nc6 2. Nf3 Nf6 3. e5 Nd5 4. d4 Nb6 5. c4 d5 6. c5 Nd7 7. Nc3 e6 8. Bd3 f6
9. exf6 Nxf6 10. Bg5 Be7 11. O-O O-O 12. Bxf6 Bxf6 13. Rc1 Nb4 14. Bb1 b6 15.
a3 Na6 16. c6 Bg5 17. Qd3 Rf5 18. Rcd1 Qf6 19. Ne5 Qh6 20. Ne2 Nc5 21. dxc5
Rxe5 22. cxb6 axb6 23. b4 Re4 24. g3 Ba6 25. b5 Bc8 26. Nc3 Rxa3 27. f4 Bf6 28.
Nxe4 Rxd3 29. Nxf6+ Qxf6 30. Bxd3 e5 31. fxe5 Qxe5 32. Rfe1 Qd4+ 33. Kg2 Qg4
34. Re8+ Kf7 35. Ree1 Qh3+ 36. Kg1 h5 37. Rf1+ Kg8 38. Rf4 Qe6 39. Kf2 Qh6 40.
Rh4 Qe6 41. Re1 Qf6+ 42. Rf4 Bf5 43. Re8+ Kh7 44. Bxf5+ g6 45. Bd3 Qb2+ 46. Be2
Qg7 47. Ref8 Kh6 48. h4 d4 49. Re8 d3 50. Bxd3 Qb2+ 51. Be2 Qa1 52. Kg2 Qa2 53.
Re7 Qd5+ 54. Kh2 Qd6 55. Rff7 g5 56. Rd7 Qe5 57. Rde7 Qd6 58. Rh7+ Kg6 59.
Bxh5+ Kf5 60. Rhf7+ 1-0

[Event "4NCL/Div4/CAV vs. SLOS4"]
[Site "West Bromwich ENG"]
[Date "2006.03.19"]
[Round "8.1"]
[White "Harari, Zaki"]
[Black "Cox, Tristan"]
[Result "0-1"]
[WhiteElo "2150"]
[BlackElo "2095"]
[PlyCount "80"]
[EventDate "2006.03.19"]
[EventType "team"]
[EventRounds "11"]
[EventCountry "ENG"]
[SourceDate "2005.10.25"]

1. e4 c5 2. Nf3 Nc6 3. c3 Nf6 4. e5 Nd5 5. d4 cxd4 6. cxd4 d6 7. exd6 Bg4 8.
Be2 e6 9. Nc3 Nxc3 10. bxc3 Bxd6 11. O-O Qc7 12. h3 Bf5 13. c4 O-O 14. Bb2 e5
15. Nh4 Be4 16. d5 Na5 17. Qa4 Qc5 18. Bc3 b6 19. a3 Nb7 20. Bb4 Qc7 21. f3
Bc5+ 22. Kh1 Bg6 23. Nxg6 hxg6 24. Rfd1 Nd6 25. Bd3 f5 26. Re1 Rae8 27. Qc2 Nf7
28. Rad1 Qd6 29. Qb3 e4 30. fxe4 f4 31. Rf1 Ng5 32. Bxc5 bxc5 33. Qc2 f3 34.
Rde1 Qg3 35. Rd1 f2 36. Be2 Nxh3 37. Rd3 Qf4 38. Rxh3 Rxe4 39. Bd3 Re1 40. Bxg6
Rxf1# 0-1

[Event "4NCL/Div4/CAV vs. SLOS4"]
[Site "West Bromwich ENG"]
[Date "2006.03.19"]
[Round "8.2"]
[White "Coates, David"]
[Black "Harman, Kenneth B"]
[Result "1/2-1/2"]
[WhiteElo "2025"]
[BlackElo "2160"]
[PlyCount "42"]
[EventDate "2006.03.19"]
[EventType "team"]
[EventRounds "11"]
[EventCountry "ENG"]
[SourceDate "2005.10.25"]

1. e4 c5 2. c3 d5 3. exd5 Qxd5 4. d4 Nf6 5. Nf3 Nc6 6. Be3 Bg4 7. Be2 cxd4 8.
cxd4 e6 9. h3 Bb4+ 10. Nc3 Bxf3 11. Bxf3 Bxc3+ 12. bxc3 Qa5 13. O-O O-O 14. Qb3
Qc7 15. Rac1 Rac8 16. Bxc6 Qxc6 17. c4 Rfd8 18. Rfd1 b6 19. Bg5 Qe4 20. Bxf6
gxf6 21. Qe3 Qxe3 1/2-1/2

[Event "4NCL/Div4/CAV vs. SLOS4"]
[Site "West Bromwich ENG"]
[Date "2006.03.19"]
[Round "8.3"]
[White "Green, Barry N"]
[Black "Makepeace, Philip J"]
[Result "1/2-1/2"]
[WhiteElo "2150"]
[BlackElo "2050"]
[PlyCount "36"]
[EventDate "2006.03.19"]
[EventType "team"]
[EventRounds "11"]
[EventCountry "ENG"]
[SourceDate "2005.10.25"]

1. e4 c6 2. d4 d5 3. Nc3 dxe4 4. Nxe4 h6 5. Nf3 Nd7 6. Bd3 Ndf6 7. Nxf6+ Nxf6
8. h3 e6 9. Bf4 Bd6 10. Be5 b6 11. Qd2 Bb7 12. O-O-O Qe7 13. Kb1 O-O-O 14. Qe2
Ne8 15. Ba6 f6 16. Bxd6 Rxd6 17. Bxb7+ Kxb7 18. Rd3 Nc7 1/2-1/2

[Event "4NCL/Div4/CAV vs. SLOS4"]
[Site "West Bromwich ENG"]
[Date "2006.03.19"]
[Round "8.4"]
[White "Edgell, Ben P"]
[Black "Farrand, Julian T"]
[Result "1/2-1/2"]
[WhiteElo "2095"]
[BlackElo "2140"]
[PlyCount "45"]
[EventDate "2006.03.19"]
[EventType "team"]
[EventRounds "11"]
[EventCountry "ENG"]
[SourceDate "2005.10.25"]

1. d4 d6 2. Nf3 Nd7 3. c4 e5 4. Nc3 Ngf6 5. e4 c6 6. g3 Be7 7. Bg2 O-O 8. O-O
Qc7 9. Re1 Re8 10. d5 a5 11. b3 Nc5 12. Ba3 Na6 13. Qd2 Nd7 14. dxc6 bxc6 15.
Na4 Ndc5 16. Nxc5 Nxc5 17. Rad1 Bg4 18. h3 Bh5 19. Bxc5 dxc5 20. Qd7 Qb6 21.
Qd3 Red8 22. Qc3 Bxf3 23. Bxf3 1/2-1/2

[Event "4NCL/Div4/CAV vs. SLOS4"]
[Site "West Bromwich ENG"]
[Date "2006.03.19"]
[Round "8.5"]
[White "Hamblin, David J"]
[Black "Sparkes, Daniel A"]
[Result "1-0"]
[WhiteElo "2025"]
[BlackElo "2030"]
[PlyCount "99"]
[EventDate "2006.03.19"]
[EventType "team"]
[EventRounds "11"]
[EventCountry "ENG"]
[SourceDate "2005.10.25"]

1. d4 Nf6 2. c4 c5 3. d5 b5 4. cxb5 a6 5. b6 g6 6. Nc3 Qxb6 7. e4 d6 8. Be2 Bg7
9. Nf3 Bg4 10. Nd2 Bxe2 11. Qxe2 Nbd7 12. Nc4 Qb7 13. a4 a5 14. O-O O-O 15. f4
Nb6 16. Na3 Nfd7 17. Nab5 Rac8 18. Be3 f5 19. exf5 Rxf5 20. Bf2 Nxd5 21. Qe6+
Kh8 22. Nxd5 Rxd5 23. Qxe7 Bf8 24. Qe6 Nb6 25. Nc3 Rf5 26. Bh4 Qf7 27. Rae1
Qxe6 28. Rxe6 Nc4 29. g4 Rf7 30. Bf6+ Bg7 31. Bxg7+ Kxg7 32. Rf2 Rcf8 33. Nd5
Rb8 34. f5 gxf5 35. gxf5 Rxb2 36. f6+ Kh6 37. Rf4 Rd2 38. Ne7 d5 39. Rg4 d4 40.
Nf5+ Kh5 41. Rg7 Ne3 42. Ng3+ Kh6 43. Rxf7 Rg2+ 44. Kh1 Ra2 45. h4 c4 46. Rd7
Ra1+ 47. Kh2 Nf1+ 48. Nxf1 Rxf1 49. Rxd4 c3 50. Rc4 1-0

[Event "4NCL/Div4/CAV vs. SLOS4"]
[Site "West Bromwich ENG"]
[Date "2006.03.19"]
[Round "8.6"]
[White "Winchcombe, Andrew"]
[Black "Egan, Michael PW"]
[Result "1/2-1/2"]
[WhiteElo "1870"]
[BlackElo "2080"]
[PlyCount "44"]
[EventDate "2006.03.19"]
[EventType "team"]
[EventRounds "11"]
[EventCountry "ENG"]
[SourceDate "2005.10.25"]

1. c4 e5 2. Nc3 d6 3. g3 f5 4. Bg2 Nf6 5. d3 Be7 6. f4 O-O 7. e4 Nc6 8. Nge2
Qe8 9. Nd5 Bd8 10. O-O Qh5 11. Nxf6+ Rxf6 12. Bf3 Qh3 13. fxe5 dxe5 14. Kh1
fxe4 15. Ng1 Qxf1 16. Qxf1 exf3 17. Bg5 Rf8 18. Bxd8 Nxd8 19. Nh3 Nc6 20. Nf2
Bf5 21. a3 Rae8 22. Re1 Nd4 1/2-1/2

[Event "4NCL/Div4/SXM vs. FCA2"]
[Site "West Bromwich ENG"]
[Date "2006.03.19"]
[Round "8.1"]
[White "Prescott, Adam P"]
[Black "Kendall, Paul S N"]
[Result "1/2-1/2"]
[WhiteElo "2060"]
[BlackElo "2075"]
[PlyCount "61"]
[EventDate "2006.03.19"]
[EventType "team"]
[EventRounds "11"]
[EventCountry "ENG"]
[SourceDate "2005.10.25"]

1. e4 e5 2. Nf3 Nc6 3. c3 Nf6 4. d4 Nxe4 5. d5 Nb8 6. Bd3 Nc5 7. Nxe5 Nxd3+ 8.
Nxd3 d6 9. O-O Be7 10. Qf3 O-O 11. Be3 Nd7 12. Nd2 Nf6 13. h3 b6 14. c4 Nd7 15.
Nb3 Bf6 16. Bd4 a5 17. Bxf6 Qxf6 18. Nd2 Ba6 19. b3 Rfe8 20. a4 Qd4 21. Rad1
Re7 22. Rfe1 Rae8 23. Rxe7 Rxe7 24. Nf1 Qc3 25. Nf4 Qxf3 26. gxf3 Nc5 27. Rb1
Bc8 28. Ne3 h6 29. h4 Kh7 30. Ne2 Bd7 31. Nd4 1/2-1/2

[Event "4NCL/Div4/SXM vs. FCA2"]
[Site "West Bromwich ENG"]
[Date "2006.03.19"]
[Round "8.2"]
[White "Goldsworthy, Patrick"]
[Black "Fraser, Joe P"]
[Result "1/2-1/2"]
[WhiteElo "2005"]
[BlackElo "2065"]
[PlyCount "52"]
[EventDate "2006.03.19"]
[EventType "team"]
[EventRounds "11"]
[EventCountry "ENG"]
[SourceDate "2005.10.25"]

1. d4 Nf6 2. Bg5 e6 3. e3 d5 4. c4 Be7 5. cxd5 exd5 6. Nc3 c6 7. Bd3 Nbd7 8.
Nf3 Nf8 9. h3 Ne6 10. Bh4 O-O 11. Qc2 h6 12. O-O b6 13. Ne5 Bb7 14. Bf5 Nd7 15.
Bxe7 Qxe7 16. f4 c5 17. Rad1 Nf6 18. Rf3 Rad8 19. a3 Ne4 20. Nxd5 Bxd5 21. Bxe4
cxd4 22. exd4 Qb7 23. Bxd5 Rxd5 24. Qf2 Rfd8 25. Rfd3 f6 26. Ng6 Kh7 1/2-1/2

[Event "4NCL/Div4/SXM vs. FCA2"]
[Site "West Bromwich ENG"]
[Date "2006.03.19"]
[Round "8.3"]
[White "Bucher, Grant W"]
[Black "Valentine, Brian J"]
[Result "1-0"]
[WhiteElo "2025"]
[BlackElo "1990"]
[PlyCount "111"]
[EventDate "2006.03.19"]
[EventType "team"]
[EventRounds "11"]
[EventCountry "ENG"]
[SourceDate "2005.10.25"]

1. e4 Nc6 2. Nc3 Nf6 3. d4 e5 4. d5 Ne7 5. Nf3 Ng6 6. Nxe5 Nxe5 7. f4 d6 8.
fxe5 dxe5 9. Bb5+ Bd7 10. Qd3 c6 11. Bc4 Bc5 12. Be3 Bxe3 13. Qxe3 O-O 14.
O-O-O Qa5 15. Rhf1 b5 16. Bb3 b4 17. Rxf6 bxc3 18. Rd6 Bg4 19. Rd3 cxb2+ 20.
Kxb2 cxd5 21. R6xd5 Qc7 22. Qg5 Be6 23. Qxe5 Qxe5+ 24. Rxe5 Bxb3 25. axb3 f6
26. Re7 Rfe8 27. Rdd7 Rxe7 28. Rxe7 Kf8 29. Rd7 Re8 30. Rxa7 Rxe4 31. Ra4 Re2
32. Rg4 g5 33. b4 Ke7 34. b5 Kd6 35. Rc4 Kd5 36. Rc3 f5 37. Rb3 Re7 38. Kc3
Rc7+ 39. Kd3 h5 40. b6 Rb7 41. Rb5+ Kc6 42. Rxf5 Kxb6 43. Rxg5 Rh7 44. c4 h4
45. g3 hxg3 46. hxg3 Rd7+ 47. Ke4 Rd1 48. Rf5 Kc6 49. Kf3 Rc1 50. c5 Rc4 51. g4
Ra4 52. g5 Rb4 53. g6 Rb1 54. Rg5 Rf1+ 55. Ke2 Rf8 56. g7 1-0

[Event "4NCL/Div4/SXM vs. FCA2"]
[Site "West Bromwich ENG"]
[Date "2006.03.19"]
[Round "8.4"]
[White "Matthews, Adrian"]
[Black "Tucker, Andrew L"]
[Result "1-0"]
[WhiteElo "1995"]
[BlackElo "1980"]
[PlyCount "61"]
[EventDate "2006.03.19"]
[EventType "team"]
[EventRounds "11"]
[EventCountry "ENG"]
[SourceDate "2005.10.25"]

1. e4 c5 2. Nc3 Nc6 3. g3 g6 4. Bg2 Bg7 5. d3 e6 6. Be3 d6 7. Qd2 Rb8 8. Nge2
Nd4 9. Nc1 b5 10. Nd1 Ne7 11. c3 Ndc6 12. Bh6 O-O 13. h4 f5 14. Bxg7 Kxg7 15.
h5 Qe8 16. hxg6 Qxg6 17. Ne2 e5 18. f4 fxe4 19. Bxe4 Bf5 20. Nf2 Bxe4 21. Nxe4
Nd5 22. O-O-O Rb7 23. Rh4 Kh8 24. Rdh1 exf4 25. Nxf4 Nxf4 26. gxf4 Rd8 27. Rh6
Qg7 28. Nf6 Re7 29. Rxh7+ Qxh7 30. Rxh7+ Rxh7 31. Qg2 1-0

[Event "4NCL/Div4/SXM vs. FCA2"]
[Site "West Bromwich ENG"]
[Date "2006.03.19"]
[Round "8.5"]
[White "Richardson, Joe M"]
[Black "Shaw, John S"]
[Result "1/2-1/2"]
[WhiteElo "1950"]
[BlackElo "1935"]
[PlyCount "43"]
[EventDate "2006.03.19"]
[EventType "team"]
[EventRounds "11"]
[EventCountry "ENG"]
[SourceDate "2005.10.25"]

1. e4 c5 2. c3 d5 3. exd5 Qxd5 4. d4 Nc6 5. Nf3 cxd4 6. cxd4 e5 7. Be3 Bg4 8.
Nc3 Bxf3 9. gxf3 Bb4 10. a3 Bxc3+ 11. bxc3 exd4 12. Bxd4 Nxd4 13. Qxd4 Qxd4 14.
cxd4 O-O-O 15. O-O-O Ne7 16. Rg1 g6 17. Bc4 Nf5 18. d5 Rd6 19. Rge1 a6 20. Kb2
Kd7 21. Rd2 Re8 22. Rxe8 1/2-1/2

[Event "4NCL/Div4/SXM vs. FCA2"]
[Site "West Bromwich ENG"]
[Date "2006.03.19"]
[Round "8.6"]
[White "Stenning, Marissa"]
[Black "Grant, David"]
[Result "0-1"]
[WhiteElo "1725"]
[BlackElo "1765"]
[PlyCount "62"]
[EventDate "2006.03.19"]
[EventType "team"]
[EventRounds "11"]
[EventCountry "ENG"]
[SourceDate "2005.10.25"]

1. c4 Nf6 2. g3 g6 3. Bg2 d5 4. Nf3 Bg7 5. O-O O-O 6. d3 c5 7. Nbd2 Nc6 8. a3
Re8 9. Qc2 d4 10. Nb3 Qd6 11. e3 e5 12. e4 Bd7 13. Bd2 b6 14. Rab1 a5 15. Nc1
Nh5 16. Na2 f5 17. exf5 gxf5 18. Ne1 Nf6 19. b4 axb4 20. axb4 Ra7 21. b5 Ne7
22. Bg5 Ng6 23. Bxf6 Bxf6 24. Bd5+ Be6 25. Bxe6+ Qxe6 26. Ng2 e4 27. Rfe1 Ne5
28. Kh1 exd3 29. Qb3 Rea8 30. Ra1 Qxc4 31. Qb2 Rxa2 0-1

[Event "4NCL/Div4/CAMB2 vs. NOTT2"]
[Site "West Bromwich ENG"]
[Date "2006.03.19"]
[Round "8.1"]
[White "Gooding, Ian"]
[Black "Webster, Richard J"]
[Result "0-1"]
[WhiteElo "2100"]
[BlackElo "2020"]
[PlyCount "80"]
[EventDate "2006.03.19"]
[EventType "team"]
[EventRounds "11"]
[EventCountry "ENG"]
[SourceDate "2005.10.25"]

1. e4 e6 2. d4 d5 3. Nc3 dxe4 4. Nxe4 Nd7 5. Ne2 Ngf6 6. f3 Nxe4 7. fxe4 c5 8.
Be3 cxd4 9. Qxd4 Qf6 10. O-O-O Qxd4 11. Bxd4 e5 12. Bc3 a6 13. Ng3 f6 14. Bc4
Bc5 15. Rhf1 g6 16. Be6 Ke7 17. Bd5 a5 18. a3 Ra7 19. Bd2 h5 20. h3 b5 21. Bc6
b4 22. a4 Ba6 23. Rfe1 Rc7 24. Bxd7 Rxd7 25. Be3 Rxd1+ 26. Kxd1 Rd8+ 27. Kc1
Bd4 28. Nh1 Bb7 29. Nf2 Bc6 30. b3 Ke6 31. Bxd4 Rxd4 32. Rd1 h4 33. Rxd4 exd4
34. Kd2 Ke5 35. Kd3 f5 36. exf5 gxf5 37. Ke2 Bxg2 38. Nd3+ Kf6 39. Nf2 Be4 40.
Kd2 Ke5 0-1